Statistics for Partially Recognized Nations

Click here to take the quiz!

General Stats

  • This quiz has been taken 109 times
  • The average score is 6 of 12

Answer Stats

Not Recognized byRecognized byAnswer% Correct
North KoreaEverybody ElseSouth Korea
100%
South KoreaEverybody ElseNorth Korea
76%
Everybody ElseTurkeyNorthern Cyprus
59%
Iran, Cuba, Algeria, Indonesia, Sudan, etc.United States, China, Russia, United Kingdom, etc.Israel
58%
Everybody ElseRussia, Venezuela, Nicaragua, NauruSouth Ossetia
50%
Abkhazia
43%
United States, United Kingdom, France, etc.Brazil, China, Russia, India, Argentina, Poland, etc.Palestine
43%
China, Russia, India, Mexico, Spain, etc.United States, Japan, United Kingdom, Australia, etc.Kosovo
42%
PakistanEverybody ElseArmenia
39%
United States, China, Italy, Australia, etc.Swaziland, Haiti, Panama, Vatican City, etc.Republic of China
37%
United States, Morocco, Brazil, China, etc.Mexico, South Africa, Laos, Iran, Ethiopia, etc.Western Sahara
37%
Belize, Dominican Republic, Kiribati, Honduras, etc.United States, Canada, New Zealand, Libya, Russia, etc.People's Republic of China
23%

Score Distribution

Percentile by Number Answered

Percent of People with Each Score

Your Score History

You have not taken this quiz